| 000 | 00000nam##2200000za#4500 |
| 001 | 9.572712 |
| 003 | CaOODSP |
| 005 | 20210624183341 |
| 007 | cr ||||||||||| |
| 008 | 150406|2006||||xxc|||||o f|0| 0 eng|d |
| 022 | |a1701-1280 |
| 040 | |aCaOODSP|beng |
| 043 | |an-cn--- |
| 086 | 1 |aFs70-4/2006-017E-PDF |
| 110 | 1 |aCanada. |bDepartment of Fisheries and Oceans. |
| 245 | 10|aShrimp and its environment in the Northwest Atlantic – implications for forecasting abundance and population dynamics : |h[electronic resource]|bBattery Hotel, St. John's, NL, May 25-27, 2005 / |c[by] B. Bergström. |
| 246 | 3 |aCrevette et son environnement dans l'Atlantique Nord-Ouest – répercussions sur les prévisions relatives à l'abondance et à la dynamique de la population |
| 260 | |aSt. John's - Newfoundland and Labrador : |bFisheries and Oceans Canada |cSeptember 2006. |
| 300 | |a101p.|bcoloured maps, graphs, references, tables |
| 490 | 1 |aCanadian Science Advisory Secretariat proceedings series|x1701-1280|v2006/017 |
| 546 | |aChiefly English, with bilingual summary. |
| 590 | |a11-32-Supp|b2011-12-20 |
| 720 | 1 |aBergström, B. |
| 830 | #0|aProceedings series (Canadian Science Advisory Secretariat)|x1701-1280|v2006/017|w(CaOODSP)9.506483 |
| 856 | 40|ahttp://publications.gc.ca|qPDF|s2.90 MB|uhttps://publications.gc.ca/collections/collection_2011/mpo-dfo/Fs70-4-2006-017-eng.pdf|y2006/017 |